000 00536nam a2200169Ia 4500
003 IN-BaIIA
008 211028s9999 xx 000 0 eng d
040 _cIIA Library
080 _a535.8
_bPER
245 0 _aPerspectives in engineering optics
_cedited by K. Singh and V. K. Rastogi
260 _aDelhi
_bAnita Publications
_c2002
300 _a391p.
650 _aEngineering optics
_928847
700 _aRastogi, V. K., ed.
_928848
700 _aSingh, K., ed.
_928849
942 _cBK
999 _c15647
_d15647